[Event "Montcalm II 2005-06"]
[Site "Quebec CAN"]
[Date "2005.10.27"]
[Round "3"]
[White "Bourassa, Andre"]
[Black "Dumont, Eric"]
[Result "1/2-1/2"]
[WhiteElo "1643"]
[BlackElo "1656"]
[PlyCount "130"]
[GameId "2160767910834375"]
[EventDate "2005.10.13"]
[EventType "tourn"]
[EventRounds "5"]
[EventCountry "CAN"]

1. d4 f5 2. Bg5 h6 3. Bh4 g5 4. e3 Nf6 5. Bg3 d6 6. Bd3 Be6 7. h4 Bg7 8. hxg5 hxg5 9. Rxh8+ Bxh8 10. Nh3 g4 11. Nf4 Qd7 12. c4 d5 13. c5 Nc6 14. Nxe6 Qxe6 15. Bxc7 Nxd4 16. Qa4+ Nd7 17. Nc3 Nc6 18. Qf4 g3 19. Na4 gxf2+ 20. Kxf2 d4 21. e4 fxe4 22. Bxe4 d3 23. Bxc6 Qe2+ 24. Kg1 bxc6 25. Rf1 Nf6 26. Ba5 Kf7 27. Re1 Qc2 28. Bc3 Rg8 29. Qf3 Qxa4 30. Qxd3 Qg4 31. Re2 Qg6 32. Qc4+ Nd5 33. Bxh8 Qb1+ 34. Kf2 Rxh8 35. Qd4 Rh1 36. Qg4 Rf1+ 37. Kg3 Qd3+ 38. Kh2 Nf4 39. Re5 Qh7+ 40. Kg3 Qg6 41. Rf5+ Kg7 42. Qxg6+ Kxg6 43. Rxf4 Ra1 44. Ra4 Rc1 45. b4 Kf5 46. Rxa7 Rc3+ 47. Kf2 e5 48. Rf7+ Ke6 49. Rh7 Rc2+ 50. Kf3 Rxa2 51. Rh6+ Kd5 52. Rd6+ Kc4 53. Rxc6 Kxb4 54. Re6 Kxc5 55. Rxe5+ Kd6 56. Re4 Kd5 57. Rf4 Ke5 58. g3 Ra8 59. Rf7 Ke6 60. Rf4 Ke5 61. Re4+ Kf5 62. g4+ Kg5 63. Re5+ Kf6 64. Re3 Kg5 65. Kg3 Ra5 1/2-1/2

[Event "Montcalm II 2005-06"]
[Site "Quebec CAN"]
[Date "2005.10.27"]
[Round "3"]
[White "Dorion, Francois"]
[Black "Caron, Sebastien"]
[Result "0-1"]
[WhiteElo "1819"]
[BlackElo "1810"]
[PlyCount "84"]
[GameId "2160767910834376"]
[EventDate "2005.10.13"]
[EventType "tourn"]
[EventRounds "5"]
[EventCountry "CAN"]

1. e4 c5 2. Nc3 Nc6 3. g3 g6 4. Bg2 Bg7 5. Nge2 d6 6. O-O e6 7. d3 Nge7 8. Bd2 a6 9. Qc1 O-O 10. Bh6 Bd7 11. h4 b5 12. h5 Rc8 13. Bxg7 Kxg7 14. h6+ Kh8 15. g4 f6 16. Nf4 Ng8 17. Nce2 e5 18. Nd5 Bxg4 19. Ng3 Nce7 20. f4 Nxd5 21. exd5 Rc7 22. c4 Rff7 23. Bf3 Bxf3 24. Rxf3 Qf8 25. Ne4 Rcd7 26. Rh3 Ne7 27. Qd2 Nf5 28. Rf1 Nd4 29. Rf2 b4 30. Rg2 Nf5 31. Qc1 Qe7 32. Rf2 Rd8 33. Qd1 exf4 34. Rxf4 Qe5 35. Rf2 Qd4 36. Kh1 Re7 37. Qf1 Ne3 38. Rxe3 Qxe3 39. Rf3 Qxh6+ 40. Rh3 Qg7 41. Nxf6 Rf8 42. Rf3 Ref7 0-1

[Event "Montcalm II 2005-06"]
[Site "Quebec CAN"]
[Date "2005.10.27"]
[Round "3"]
[White "Filiatrault, Alexandre"]
[Black "Moisan, Francois"]
[Result "1/2-1/2"]
[WhiteElo "1826"]
[BlackElo "1814"]
[PlyCount "63"]
[GameId "2160767910834377"]
[EventDate "2005.10.13"]
[EventType "tourn"]
[EventRounds "5"]
[EventCountry "CAN"]

1. e4 e5 2. Nf3 Nc6 3. d4 exd4 4. Nxd4 Nf6 5. Nxc6 bxc6 6. e5 Qe7 7. Qe2 Nd5 8. c4 Ba6 9. b3 O-O-O 10. Bb2 Qg5 11. Nd2 Bb4 12. Rc1 Rhe8 13. Kd1 Nf4 14. Qe3 d5 15. Rc2 dxc4 16. bxc4 Qf5 17. Kc1 Kb8 18. Bd4 c5 19. Bxc5 Bxc5 20. Qxc5 Rxe5 21. Qb4+ Ka8 22. g3 Re1+ 23. Kb2 Rb8 24. Qxb8+ Kxb8 25. gxf4 Qf6+ 26. Ka3 Qd6+ 27. c5 Qc6 28. Rb2+ Ka8 29. Bg2 Qxg2 30. Rxe1 Qc6 31. Rb4 Bb5 32. Nb3 1/2-1/2

[Event "Montcalm II 2005-06"]
[Site "Quebec CAN"]
[Date "2005.10.27"]
[Round "3"]
[White "Gaspariants, Vladimir"]
[Black "Caire, Francois"]
[Result "1/2-1/2"]
[WhiteElo "2254"]
[BlackElo "2248"]
[PlyCount "100"]
[GameId "2160767910834378"]
[EventDate "2005.10.13"]
[EventType "tourn"]
[EventRounds "5"]
[EventCountry "CAN"]

1. e4 c5 2. Nc3 Nc6 3. g3 g6 4. Bg2 Bg7 5. d3 d6 6. Be3 e5 7. Qd2 Nge7 8. Bh6 Bxh6 9. Qxh6 Nd4 10. Rc1 Ng8 11. Qg7 Qf6 12. Qxf6 Nxf6 13. Nd5 Nxd5 14. exd5 Bd7 15. c3 Nf5 16. Ne2 O-O 17. Kd2 b5 18. d4 exd4 19. cxd4 c4 20. b3 Rac8 21. bxc4 bxc4 22. Kc3 Kg7 23. Rb1 Rb8 24. Be4 Ne7 25. Nf4 f5 26. Bg2 g5 27. Rxb8 Rxb8 28. Re1 Re8 29. Ne6+ Kf6 30. Kxc4 Nc8 31. Kb4 Nb6 32. Ka5 Re7 33. h4 gxh4 34. gxh4 Nxd5 35. Bxd5 Bxe6 36. Bxe6 Rxe6 37. Rxe6+ Kxe6 38. Ka6 Kd5 39. Kxa7 Kxd4 40. Kb6 Kc4 41. a4 d5 42. a5 d4 43. a6 d3 44. a7 d2 45. a8=Q d1=Q 46. Qc8+ Kb4 47. Qc5+ Kb3 48. Qb5+ Kc3 49. Qxf5 Qd8+ 50. Kc6 Qxh4 1/2-1/2

[Event "Montcalm II 2005-06"]
[Site "Quebec CAN"]
[Date "2005.10.27"]
[Round "3"]
[White "L'Heureux, Clement"]
[Black "Sauve, Richard"]
[Result "1-0"]
[WhiteElo "1873"]
[BlackElo "1852"]
[PlyCount "53"]
[GameId "2160767910834379"]
[EventDate "2005.10.13"]
[EventType "tourn"]
[EventRounds "5"]
[EventCountry "CAN"]

1. d4 e6 2. c4 Nf6 3. Nc3 Bb4 4. e3 O-O 5. Nge2 d5 6. a3 Be7 7. cxd5 exd5 8. h3 c6 9. g4 Re8 10. Ng3 Bf8 11. Bd3 Qb6 12. g5 Nfd7 13. h4 a5 14. h5 Na6 15. Qc2 Qxd4 16. Bxh7+ Kh8 17. Bg6 Ndc5 18. h6 gxh6 19. Nce2 Qe5 20. Bxf7 Re7 21. Qg6 Nd3+ 22. Kf1 Rxf7 23. Qxf7 Bg4 24. Bd2 Qxg5 25. Bc3+ Bg7 26. f4 Bxe2+ 27. Nxe2 1-0

[Event "Montcalm II 2005-06"]
[Site "Quebec CAN"]
[Date "2005.10.27"]
[Round "3"]
[White "Marquis, Paul"]
[Black "Lapierre, Gaetan"]
[Result "1-0"]
[WhiteElo "1856"]
[BlackElo "1879"]
[PlyCount "73"]
[GameId "2160767910834380"]
[EventDate "2005.10.13"]
[EventType "tourn"]
[EventRounds "5"]
[EventCountry "CAN"]

1. e4 d6 2. d4 Nf6 3. Nc3 g6 4. Nf3 Bg7 5. Be3 c6 6. Qd2 b5 7. Bd3 Ng4 8. Bg5 f6 9. Bh4 a6 10. h3 Nh6 11. a4 Bb7 12. axb5 axb5 13. Rxa8 Bxa8 14. b4 O-O 15. O-O Na6 16. Ne2 Nc7 17. c4 bxc4 18. Bxc4+ Nf7 19. d5 cxd5 20. exd5 Ne5 21. Nxe5 dxe5 22. Rd1 Qd6 23. f3 Rb8 24. Be1 Kf8 25. Kh1 Rd8 26. Bf2 Bxd5 27. Bc5 Qc6 28. Qe3 Kf7 29. Nc3 e6 30. b5 Qb7 31. b6 Na6 32. Bxa6 Qxa6 33. Nxd5 exd5 34. Qb3 Bh6 35. b7 Qe2 36. Rxd5 Qf1+ 37. Bg1 1-0

[Event "Montcalm II 2005-06"]
[Site "Quebec CAN"]
[Date "2005.10.27"]
[Round "3"]
[White "Perreault, Jacquelin"]
[Black "Cummins, Paul"]
[Result "0-1"]
[WhiteElo "1766"]
[BlackElo "1787"]
[PlyCount "130"]
[GameId "2160767910834381"]
[EventDate "2005.10.13"]
[EventType "tourn"]
[EventRounds "5"]
[EventCountry "CAN"]

1. e4 c5 2. Nf3 d6 3. c4 Nf6 4. Nc3 e5 5. d3 h6 6. h3 Nc6 7. Be2 Ne7 8. Be3 g5 9. Nh2 Ng6 10. Ng4 Nf4 11. Bf3 Be6 12. g3 Nxg4 13. hxg4 Ng6 14. Nd5 Bg7 15. Be2 Bxd5 16. cxd5 O-O 17. Qd2 Qb6 18. f3 f6 19. Kf2 a5 20. Kg2 a4 21. Rab1 Ne7 22. f4 Ng6 23. f5 Ne7 24. b4 axb3 25. Rxb3 Qa7 26. Rb2 Rfb8 27. Rhb1 Nc8 28. Qc2 Bf8 29. Qb3 b5 30. Kf3 b4 31. Qc2 Qf7 32. Rh1 Nb6 33. Qd2 Nxd5 34. Bd1 Ra3 35. Bb3 Rxb3 36. axb3 Nc3 37. Qc2 Qb7 38. Bd2 Nb5 39. Qc4+ Kg7 40. Ra2 Rd8 41. Qd5 Qd7 42. Ra8 Rxa8 43. Qxa8 Nd4+ 44. Kg2 Nxb3 45. Be3 Qc7 46. Rxh6 Kxh6 47. Qxf8+ Qg7 48. Qxd6 Qf7 49. Bxc5 Nxc5 50. Qxc5 b3 51. Qc3 Qb7 52. Qc5 Kg7 53. Qc1 b2 54. Qb1 Qb3 55. d4 exd4 56. e5 d3 57. exf6+ Kxf6 58. Kh3 d2 59. Qe4 d1=Q 60. Qc6+ Ke5 61. Qe8+ Kd4 62. Qd7+ Kc3 63. Qc6+ Kd2 64. Qg2+ Kc1 65. Qc6+ Kb1 0-1

[Event "Montcalm II 2005-06"]
[Site "Quebec CAN"]
[Date "2005.10.27"]
[Round "3"]
[White "Valley, Michel"]
[Black "Berube, Antoine"]
[Result "1-0"]
[WhiteElo "2021"]
[BlackElo "2107"]
[PlyCount "109"]
[GameId "2160767910834382"]
[EventDate "2005.10.13"]
[EventType "tourn"]
[EventRounds "5"]
[EventCountry "CAN"]

1. e4 c5 2. Nf3 d6 3. d4 cxd4 4. Nxd4 Nf6 5. Nc3 a6 6. Be3 e5 7. Nb3 Be6 8. f3 Be7 9. Qd2 h5 10. Nd5 Nxd5 11. exd5 Bf5 12. Be2 Nd7 13. O-O Rc8 14. c4 O-O 15. Na5 Qc7 16. b4 Nf6 17. Rac1 e4 18. f4 Bg4 19. Bxg4 Nxg4 20. Bd4 Bf6 21. h3 Bxd4+ 22. Qxd4 Nf6 23. Rc3 Rfe8 24. Rfc1 Rcd8 25. Qa7 Re7 26. Nb3 Rde8 27. Qe3 Qd7 28. Nd4 Rc8 29. Qe1 Ree8 30. Rg3 Kh8 31. Rg5 e3 32. Nf5 g6 33. Qc3 Qd8 34. Nxe3 Kh7 35. Qd4 Re4 36. Qd3 Qb6 37. Rg3 Rce8 38. c5 Qxb4 39. c6 Qb6 40. Rc3 Rd4 41. Qc2 Ne4 42. Rb3 Qa5 43. Rf3 Nd2 44. Rg3 Nxb3 45. Qxb3 Qe1+ 46. Kh2 Rb4 47. Qd3 Rb1 48. Rf3 h4 49. Nf1 Rd1 50. Qb3 Rb1 51. Qd3 Qe4 52. Qxe4 Rxe4 53. Nd2 Ree1 54. Nxb1 Rxb1 55. Rb3 1-0

[Event "Montcalm II 2005-06"]
[Site "Quebec CAN"]
[Date "2005.11.03"]
[Round "4"]
[White "Auger, Bertrand"]
[Black "Valley, Michel"]
[Result "1/2-1/2"]
[WhiteElo "1960"]
[BlackElo "2021"]
[PlyCount "83"]
[GameId "2160767910834383"]
[EventDate "2005.10.13"]
[EventType "tourn"]
[EventRounds "5"]
[EventCountry "CAN"]

1. d4 Nf6 2. Nf3 d5 3. g3 e6 4. Bg2 Bd6 5. b3 O-O 6. O-O Nbd7 7. Bb2 Re8 8. Ne5 c6 9. Nd2 Qc7 10. Ndf3 Ne4 11. c4 f6 12. Nd3 dxc4 13. bxc4 c5 14. Rc1 cxd4 15. Nxd4 Nec5 16. Nb5 Qb8 17. Nxd6 Qxd6 18. Ba3 Qc7 19. Nxc5 Nxc5 20. Qd4 Na6 21. Rfd1 Qa5 22. Bd6 Nb4 23. Qd2 Nc6 24. Rb1 e5 25. Bd5+ Kh8 26. e3 Qa6 27. Qb2 Nd8 28. c5 Bf5 29. Rbc1 Rc8 30. Rc3 Bd7 31. Ra3 Qb5 32. Rb3 Qa4 33. Rc1 Qg4 34. Rb4 Qf5 35. Qb1 Qxb1 36. Rcxb1 Bc6 37. e4 Ne6 38. Bxc6 bxc6 39. Rb7 Ra8 40. Rd7 a6 41. h4 h5 42. a4 1/2-1/2

[Event "Montcalm II 2005-06"]
[Site "Quebec CAN"]
[Date "2005.11.03"]
[Round "4"]
[White "Berube, Antoine"]
[Black "Gaspariants, Vladimir"]
[Result "0-1"]
[WhiteElo "2107"]
[BlackElo "2254"]
[PlyCount "144"]
[GameId "2160767910834384"]
[EventDate "2005.10.13"]
[EventType "tourn"]
[EventRounds "5"]
[EventCountry "CAN"]

1. e4 e5 2. Nf3 Nc6 3. Bb5 a6 4. Ba4 Nf6 5. O-O Be7 6. Re1 b5 7. Bb3 d6 8. c3 O-O 9. h3 Na5 10. Bc2 c5 11. d4 Qc7 12. Nbd2 Nc6 13. d5 Nd8 14. Nf1 Ne8 15. a4 Rb8 16. axb5 axb5 17. b4 c4 18. Be3 g6 19. N3h2 f5 20. exf5 gxf5 21. f4 e4 22. Bd4 Bf6 23. Ne3 Qg7 24. Ra7 Rf7 25. Rxf7 Nxf7 26. Nhf1 Bxd4 27. Qxd4 Qxd4 28. cxd4 Ra8 29. g4 Nf6 30. Ng3 fxg4 31. hxg4 Nxg4 32. Nxe4 Nxe3 33. Rxe3 Ra1+ 34. Kg2 Ra2 35. Re2 Bf5 36. Kf3 Ra3+ 37. Kf2 Kg7 38. Ng5 Nxg5 39. Bxf5 Rf3+ 40. Kg2 Rxf4 41. Bd7 Rxd4 42. Bxb5 c3 43. Re7+ Kf6 44. Rc7 Rxb4 45. Bd3 Rb3 46. Bc2 Ra3 47. Kg3 Ke5 48. Kg4 h6 49. Kh5 Kxd5 50. Kxh6 Ne6 51. Rc8 Nc5 52. Bg6 Ra2 53. Bf7+ Kd4 54. Bxa2 c2 55. Bf7 c1=Q+ 56. Kh7 Qh1+ 57. Kg7 Qg2+ 58. Kf8 Qg5 59. Ra8 Nd7+ 60. Ke8 Ne5 61. Ra4+ Kc5 62. Ba2 Qf6 63. Ra5+ Kb6 64. Ra3 Nc6 65. Re3 Kc7 66. Bb3 Qf4 67. Re6 Qf3 68. Ba2 Ne5 69. Re7+ Kc6 70. Be6 Qf6 71. Kd8 Ng6 72. Bd7+ Kc5 0-1

[Event "Montcalm II 2005-06"]
[Site "Quebec CAN"]
[Date "2005.11.03"]
[Round "4"]
[White "Caron, Sebastien"]
[Black "Filiatrault, Alexandre"]
[Result "0-1"]
[WhiteElo "1810"]
[BlackElo "1826"]
[PlyCount "69"]
[GameId "2160767910834385"]
[EventDate "2005.10.13"]
[EventType "tourn"]
[EventRounds "5"]
[EventCountry "CAN"]

1. e4 e5 2. d4 exd4 3. Bc4 Nf6 4. Nf3 Nc6 5. c3 d5 6. exd5 Qe7+ 7. Kf1 Ne5 8. Nxe5 Qxe5 9. cxd4 Qd6 10. b3 Nxd5 11. Ba3 Qd8 12. Bb2 Be7 13. Nd2 O-O 14. Qf3 c6 15. Ne4 b5 16. Be2 f5 17. Nc3 Be6 18. a4 b4 19. Nxd5 Bxd5 20. Bc4 Kh8 21. Bxd5 cxd5 22. Qd3 Bg5 23. h4 Bf4 24. g3 Bh6 25. f4 Qd6 26. Kg2 g6 27. Rhe1 Rfe8 28. Re2 Rxe2+ 29. Qxe2 Qd7 30. Re1 Rc8 31. Qf2 Re8 32. Qd2 Re4 33. Rxe4 fxe4 34. Qe2 Kg8 35. Qd2 0-1

[Event "Montcalm II 2005-06"]
[Site "Quebec CAN"]
[Date "2005.11.03"]
[Round "4"]
[White "Lapierre, Gaetan"]
[Black "Lemieux, Pierre"]
[Result "1-0"]
[WhiteElo "1879"]
[BlackElo "1899"]
[PlyCount "61"]
[GameId "2160767910834387"]
[EventDate "2005.10.13"]
[EventType "tourn"]
[EventRounds "5"]
[EventCountry "CAN"]

1. Nf3 Nf6 2. c4 d6 3. d4 g6 4. g3 Bg7 5. Bg2 O-O 6. O-O Nc6 7. Nc3 Bg4 8. h3 Bd7 9. e3 e5 10. d5 Ne7 11. c5 h6 12. cxd6 cxd6 13. Nd2 Nh7 14. e4 f5 15. Kh2 f4 16. gxf4 exf4 17. Nf3 g5 18. Qb3 Ng6 19. Ne2 g4 20. hxg4 Bxg4 21. Bh3 Bxh3 22. Kxh3 Qd7+ 23. Kg2 Qg4+ 24. Kh1 Qh3+ 25. Nh2 f3 26. Rg1 Qh5 27. Ng3 Qe5 28. Nxf3 Qe7 29. Nf5 Rxf5 30. exf5 Qh4+ 31. Nh2 1-0

[Event "Montcalm II 2005-06"]
[Site "Quebec CAN"]
[Date "2005.11.03"]
[Round "4"]
[White "Lessard, Claude"]
[Black "Caire, Francois"]
[Result "0-1"]
[WhiteElo "2036"]
[BlackElo "2248"]
[PlyCount "102"]
[GameId "2160767910834388"]
[EventDate "2005.10.13"]
[EventType "tourn"]
[EventRounds "5"]
[EventCountry "CAN"]

1. d4 Nf6 2. c4 e6 3. Nc3 Bb4 4. Qc2 O-O 5. a3 Bxc3+ 6. Qxc3 Qe8 7. f3 d6 8. e4 e5 9. d5 Nfd7 10. g4 a5 11. Be3 a4 12. Ne2 Na6 13. Ng3 Ndc5 14. h4 Bd7 15. h5 b5 16. g5 Rb8 17. Be2 bxc4 18. Bxc4 Bb5 19. Rh2 f6 20. g6 hxg6 21. hxg6 Bxc4 22. Qxc4 Qxg6 23. Nf5 Qe8 24. O-O-O Qb5 25. Qxb5 Rxb5 26. Rg1 g5 27. Ne7+ Kf7 28. Rh7+ Ke8 29. Nc6 Rf7 30. Rh8+ Rf8 31. Rh7 Rf7 32. Rh6 Nb3+ 33. Kb1 Na5 34. Rh8+ Rf8 35. Rxf8+ Kxf8 36. Nd8 Nc4 37. Ne6+ Kg8 38. Bc1 Nxa3+ 39. Ka2 Nc4 40. Rh1 Rb3 41. f4 Nb4+ 42. Ka1 Nc2+ 43. Ka2 Nb4+ 44. Ka1 Nc2+ 45. Ka2 exf4 46. Rh6 Nb4+ 47. Ka1 Nc2+ 48. Ka2 Nb4+ 49. Ka1 Ne3 50. Rg6+ Kh7 51. Nf8+ Kh8 0-1

[Event "Montcalm II 2005-06"]
[Site "Quebec CAN"]
[Date "2005.11.03"]
[Round "4"]
[White "Marquis, Paul"]
[Black "L'Heureux, Clement"]
[Result "1/2-1/2"]
[WhiteElo "1856"]
[BlackElo "1873"]
[PlyCount "59"]
[GameId "2160767910834389"]
[EventDate "2005.10.13"]
[EventType "tourn"]
[EventRounds "5"]
[EventCountry "CAN"]

1. e4 e5 2. Nf3 Nc6 3. Bb5 a6 4. Bxc6 dxc6 5. O-O Bg4 6. h3 h5 7. d3 Qf6 8. Nbd2 g5 9. Nc4 Bxf3 10. Qxf3 Qxf3 11. gxf3 f6 12. Ne3 Ne7 13. Kh2 O-O-O 14. Kg3 Ng6 15. Nf5 Bd6 16. Be3 b6 17. Rh1 h4+ 18. Kg2 c5 19. Kf1 Ne7 20. Nxe7+ Bxe7 21. Ke2 f5 22. a4 a5 23. Rhg1 Rhg8 24. Rg2 Rdf8 25. Rag1 f4 26. Bd2 Kd7 27. Bc3 Ke6 28. b3 Ra8 29. Ra1 Rgb8 30. Rgg1 1/2-1/2

[Event "Montcalm II 2005-06"]
[Site "Quebec CAN"]
[Date "2005.11.03"]
[Round "4"]
[White "Perreault, Jacquelin"]
[Black "Dorion, Francois"]
[Result "1-0"]
[WhiteElo "1766"]
[BlackElo "1819"]
[PlyCount "59"]
[GameId "2160767910834390"]
[EventDate "2005.10.13"]
[EventType "tourn"]
[EventRounds "5"]
[EventCountry "CAN"]

1. e4 e5 2. Nf3 d6 3. d4 Nd7 4. Bc4 Ngf6 5. Ng5 d5 6. exd5 Bd6 7. O-O O-O 8. Nc3 Nb6 9. Bb3 exd4 10. Nb5 h6 11. Nf3 Bg4 12. h3 Bh5 13. Nbxd4 Nbxd5 14. c4 Ne7 15. Bc2 c6 16. Be3 Qc7 17. Qd2 Rad8 18. Bxh6 Bxf3 19. Qg5 Ne8 20. Nxf3 f5 21. Nh4 Rf6 22. Bxg7 Bf4 23. Bxf6+ Bxg5 24. Bxg5 Rd7 25. Rfe1 Ng7 26. Re2 c5 27. Rae1 Nc6 28. Nxf5 Nxf5 29. Bxf5 Nd4 30. Re8+ 1-0

[Event "Montcalm II 2005-06"]
[Site "Quebec CAN"]
[Date "2005.11.03"]
[Round "4"]
[White "Sauve, Richard"]
[Black "Dion, Jean-Francois"]
[Result "1-0"]
[WhiteElo "1852"]
[BlackElo "1959"]
[PlyCount "75"]
[GameId "2160767910834391"]
[EventDate "2005.10.13"]
[EventType "tourn"]
[EventRounds "5"]
[EventCountry "CAN"]

1. d4 Nf6 2. c4 g6 3. Nc3 Bg7 4. e4 d6 5. f4 O-O 6. Nf3 c5 7. d5 a6 8. Bd3 Qc7 9. O-O Nbd7 10. Bd2 Rb8 11. a4 b6 12. Qe1 e6 13. e5 dxe5 14. fxe5 Ng4 15. d6 Qd8 16. Bf4 Bb7 17. Be4 Bxe4 18. Qxe4 Qc8 19. h3 Nh6 20. g4 f5 21. exf6 Nxf6 22. Qe3 Nfxg4 23. hxg4 Nxg4 24. Qd2 e5 25. d7 Qb7 26. Bg5 Bf6 27. Bxf6 Nxf6 28. Nxe5 Rbd8 29. Rad1 Qb8 30. Qg5 Kg7 31. Nc6 Qa8 32. Nxd8 Qxd8 33. Qe5 Rf7 34. Ne4 Rxd7 35. Rxd7+ Qxd7 36. Qxf6+ Kh6 37. Qf8+ Kh5 38. Nf6+ 1-0

[Event "Montcalm II 2005-06"]
[Site "Quebec CAN"]
[Date "2005.11.10"]
[Round "5"]
[White "Caire, Francois"]
[Black "Berube, Antoine"]
[Result "1/2-1/2"]
[WhiteElo "2248"]
[BlackElo "2107"]
[PlyCount "48"]
[GameId "2160767910834393"]
[EventDate "2005.10.13"]
[EventType "tourn"]
[EventRounds "5"]
[EventCountry "CAN"]

1. Nf3 d5 2. d4 Nf6 3. c4 c6 4. Qc2 dxc4 5. Qxc4 Bf5 6. g3 e6 7. Bg2 Be7 8. O-O O-O 9. Nc3 Ne4 10. e3 Nd7 11. Nd2 Nxd2 12. Bxd2 e5 13. Rfd1 Nb6 14. Qe2 exd4 15. exd4 Bf6 16. Be3 Be6 17. Ne4 Bd5 18. Qf3 Bxe4 19. Qxe4 Nd5 20. Qf5 g6 21. Qd3 Qb6 22. Bxd5 cxd5 23. Qd2 Rac8 24. Rac1 Qe6 1/2-1/2

[Event "Montcalm II 2005-06"]
[Site "Quebec CAN"]
[Date "2005.11.10"]
[Round "5"]
[White "Dion, Jean-Francois"]
[Black "Marquis, Paul"]
[Result "1-0"]
[WhiteElo "1959"]
[BlackElo "1856"]
[PlyCount "61"]
[GameId "2160767910834394"]
[EventDate "2005.10.13"]
[EventType "tourn"]
[EventRounds "5"]
[EventCountry "CAN"]

1. d4 Nf6 2. Nf3 d6 3. Bf4 g6 4. h3 Bg7 5. e3 O-O 6. Nbd2 Nbd7 7. Bc4 c6 8. O-O b5 9. Bb3 a5 10. c3 a4 11. Bc2 Bb7 12. Qe2 Re8 13. Bh2 e5 14. e4 Nh5 15. Rad1 Nf4 16. Bxf4 exf4 17. Rfe1 f5 18. Qd3 fxe4 19. Rxe4 Rxe4 20. Qxe4 Qf6 21. Re1 Kf8 22. h4 Qf7 23. Ng5 Nf6 24. Qxf4 Qd7 25. Re6 Kg8 26. Rxd6 Qe7 27. Re6 Qd8 28. Nde4 Nxe4 29. Qf7+ Kh8 30. Bxe4 Bc8 31. Re8+ 1-0

[Event "Montcalm II 2005-06"]
[Site "Quebec CAN"]
[Date "2005.11.10"]
[Round "5"]
[White "Dorion, Francois"]
[Black "Cummins, Paul"]
[Result "0-1"]
[WhiteElo "1819"]
[BlackElo "1787"]
[PlyCount "28"]
[GameId "2160767910834395"]
[EventDate "2005.10.13"]
[EventType "tourn"]
[EventRounds "5"]
[EventCountry "CAN"]

1. e4 e5 2. Nc3 Bc5 3. f4 Bxg1 4. Rxg1 exf4 5. Qf3 Nc6 6. Qxf4 Nge7 7. Bc4 O-O 8. d3 Nb4 9. Qf2 d5 10. exd5 Nexd5 11. Nxd5 Nxd5 12. Bd2 Bg4 13. Qd4 Qh4+ 14. g3 Rae8+ 0-1

[Event "Montcalm II 2005-06"]
[Site "Quebec CAN"]
[Date "2005.11.10"]
[Round "5"]
[White "Filiatrault, Alexandre"]
[Black "Perreault, Jacquelin"]
[Result "1-0"]
[WhiteElo "1826"]
[BlackElo "1766"]
[PlyCount "63"]
[GameId "2160767910834396"]
[EventDate "2005.10.13"]
[EventType "tourn"]
[EventRounds "5"]
[EventCountry "CAN"]

1. e4 c5 2. Nc3 Nc6 3. f4 e6 4. Bb5 a6 5. Bxc6 bxc6 6. Nf3 Nf6 7. O-O d5 8. d3 g6 9. Qe1 Bg7 10. e5 Ng8 11. Na4 c4 12. dxc4 Ne7 13. Be3 Rb8 14. Bd2 Nf5 15. Ba5 Qe7 16. Bb6 Bf8 17. Rd1 Bd7 18. g4 Nh6 19. h3 Rxb6 20. Nxb6 Qc5+ 21. Qf2 Qxf2+ 22. Rxf2 Bc5 23. Nxd7 Bxf2+ 24. Kxf2 Kxd7 25. cxd5 cxd5 26. c4 Rb8 27. b3 Kc6 28. cxd5+ exd5 29. Rc1+ Kd7 30. Rc5 Rb5 31. Rxb5 axb5 32. Nd4 1-0

[Event "Montcalm II 2005-06"]
[Site "Quebec CAN"]
[Date "2005.11.10"]
[Round "5"]
[White "Gaspariants, Vladimir"]
[Black "Auger, Bertrand"]
[Result "1-0"]
[WhiteElo "2254"]
[BlackElo "1960"]
[PlyCount "71"]
[GameId "2160767910834397"]
[EventDate "2005.10.13"]
[EventType "tourn"]
[EventRounds "5"]
[EventCountry "CAN"]

1. e4 e6 2. d3 d5 3. Nd2 Nf6 4. Ngf3 c5 5. g3 Nc6 6. Bg2 Be7 7. O-O b6 8. Re1 Bb7 9. c3 Qc7 10. a3 O-O-O 11. b4 dxe4 12. dxe4 Ne5 13. Nxe5 Qxe5 14. Qb3 Rd3 15. Bf1 Rhd8 16. Bxd3 Rxd3 17. Qc4 Qxc3 18. Qxc3 Rxc3 19. e5 Nd7 20. Ne4 Rc2 21. Bf4 Bxe4 22. Rxe4 g5 23. Be3 Nxe5 24. Rxe5 Bf6 25. f4 Re2 26. Bd4 Bxe5 27. Bxe5 gxf4 28. gxf4 c4 29. b5 Rc2 30. a4 Kb7 31. Ra3 Rc1+ 32. Kg2 Rc2+ 33. Kg3 Re2 34. Rc3 Re4 35. Kf3 f5 36. Re3 1-0

[Event "Montcalm II 2005-06"]
[Site "Quebec CAN"]
[Date "2005.11.10"]
[Round "5"]
[White "Moisan, Francois"]
[Black "Caron, Sebastien"]
[Result "0-1"]
[WhiteElo "1814"]
[BlackElo "1810"]
[PlyCount "60"]
[GameId "2160767910834399"]
[EventDate "2005.10.13"]
[EventType "tourn"]
[EventRounds "5"]
[EventCountry "CAN"]

1. e4 c5 2. Nf3 d6 3. d4 cxd4 4. Nxd4 Nf6 5. Nc3 a6 6. Be2 e6 7. O-O Qc7 8. f4 Nbd7 9. Bf3 Nb6 10. Kh1 Be7 11. Qe1 O-O 12. g4 Kh8 13. g5 Ng8 14. Bg4 Bd7 15. Rf3 f5 16. gxf6 Rxf6 17. f5 e5 18. Ne6 Bxe6 19. fxe6 Rxf3 20. Bxf3 Rf8 21. Qe2 Bh4 22. Nd5 Nxd5 23. exd5 Nf6 24. Bd2 Qxc2 25. Rc1 Qf5 26. Rc7 e4 27. Rf7 Kg8 28. Rxf8+ Kxf8 29. Bg2 Qxd5 30. Bc3 Qxe6 0-1

[Event "Montcalm III 2005-06"]
[Site "Quebec CAN"]
[Date "2005.11.17"]
[Round "1"]
[White "Bourassa, Andre"]
[Black "Johnson, Bernard S"]
[Result "1-0"]
[WhiteElo "1691"]
[BlackElo "1116"]
[PlyCount "55"]
[GameId "2160767910838252"]
[EventDate "2005.11.17"]
[EventType "swiss"]
[EventRounds "5"]
[EventCountry "CAN"]
[SourceTitle "EXT 2007"]
[Source "ChessBase"]
[SourceDate "2006.11.23"]
[SourceVersion "1"]
[SourceVersionDate "2006.11.23"]
[SourceQuality "1"]

1. d4 Nf6 2. c4 g6 3. Nc3 d6 4. e4 Bg7 5. f3 O-O 6. Be3 Nfd7 7. Qd2 Re8 8. O-O-O c6 9. Bd3 Qc7 10. Kb1 a6 11. Nge2 c5 12. d5 Ne5 13. f4 Nxd3 14. Qxd3 f5 15. e5 dxe5 16. d6 Qc6 17. dxe7 Bd7 18. Qd5+ Kh8 19. Bxc5 Bf6 20. fxe5 Bxe7 21. Bd4 Be6 22. Qxc6 Nxc6 23. Nd5 Nxd4 24. Nxd4 Rac8 25. Nxe6 Rxc4 26. Nxe7 Rxe7 27. Rd8+ Re8 28. Rxe8# 1-0

[Event "Montcalm III 2005-06"]
[Site "Quebec CAN"]
[Date "2005.11.17"]
[Round "1"]
[White "Caire, Francois"]
[Black "Guay, Etienne"]
[Result "1-0"]
[WhiteElo "2230"]
[BlackElo "1620"]
[PlyCount "37"]
[GameId "2160767910838253"]
[EventDate "2005.11.17"]
[EventType "swiss"]
[EventRounds "5"]
[EventCountry "CAN"]
[SourceTitle "EXT 2007"]
[Source "ChessBase"]
[SourceDate "2006.11.23"]
[SourceVersion "1"]
[SourceVersionDate "2006.11.23"]
[SourceQuality "1"]

1. d4 Nf6 2. Nc3 d5 3. Bg5 e6 4. e4 dxe4 5. Nxe4 Be7 6. Bxf6 gxf6 7. Nf3 b6 8. Bb5+ Nd7 9. Bc6 Rb8 10. Qd2 h6 11. d5 f5 12. Ng3 Bf6 13. O-O Kf8 14. dxe6 fxe6 15. Rad1 Rh7 16. Rfe1 Ba6 17. Bxd7 Bg5 18. Qc3 Rxd7 19. Qh8+ 1-0